ბათუმის შოთა რუსთაველის სახელმწიფო უნივერსიტეტის ბიბლიოთეკა

კივი. გამრავლებისა და მოვლა-მოყვანის მეცნიერული და პრაქტიკული რეკომენდაციები. (ბიბ.ჩანაწერი № 44637)

000 -LEADER
fixed length control field 01215nam a2200229Ia 4500
001 - CONTROL NUMBER
control field 11440
003 - CONTROL NUMBER IDENTIFIER
control field GE_BSU
008 - FIXED-LENGTH DATA ELEMENTS--GENERAL INFORMATION
fixed length control field 181216s||||||||xx |||||||||||||| ||und||
040 ## - CATALOGING SOURCE
Transcribing agency GE_BSU
080 ## - UNIVERSAL DECIMAL CLASSIFICATION NUMBER
Universal Decimal Classification number 634.6
100 ## - MAIN ENTRY--PERSONAL NAME
Personal name ბარათაშვილი,დ; ნ,ხალვაში.
245 ## - TITLE STATEMENT
Title კივი. გამრავლებისა და მოვლა-მოყვანის მეცნიერული და პრაქტიკული რეკომენდაციები.
245 ## - TITLE STATEMENT
Remainder of title გამრავლებისა და მოვლა-მოყვანის მეცნიერული და პრაქტიკული რეკომენდაციები.
245 ## - TITLE STATEMENT
Statement of responsibility, etc. რედ:გ.მემარნე.
260 ## - PUBLICATION, DISTRIBUTION, ETC.
Place of publication, distribution, etc. ბათუმი.
260 ## - PUBLICATION, DISTRIBUTION, ETC.
Name of publisher, distributor, etc. შოთა რუსთაველის სახ.უნ-ტი.
260 ## - PUBLICATION, DISTRIBUTION, ETC.
Date of publication, distribution, etc. 2009.
300 ## - PHYSICAL DESCRIPTION
Extent 51გვ;20სმ.ილ.
653 ## - INDEX TERM--UNCONTROLLED
Uncontrolled term გამრავლებისა და მოვლა-მოყვანის მეცნიერული და პრაქტიკული რეკომენდაციები.
653 ## - INDEX TERM--UNCONTROLLED
Uncontrolled term კივი.
942 ## - ADDED ENTRY ELEMENTS (KOHA)
Koha item type წიგნი
ეგზემპლარები
Withdrawn status Lost status Damaged status Not for loan Date acquired Barcode Date last seen Price effective from Koha item type
        2018-12-17 20266 2018-12-17 2018-12-17 წიგნი
        2018-12-17 20267 2018-12-17 2018-12-17 წიგნი
        2018-12-17 20268 2018-12-17 2018-12-17 წიგნი
        2018-12-17 20269 2018-12-17 2018-12-17 წიგნი
        2018-12-17 20270 2018-12-17 2018-12-17 წიგნი